00461nam a2200193Ia 4500008004100000020001800041050001400059100001700073245003000090245001700120260001500137260001600152260000900168300001500177300002700192300001000219440002900229500000900258170918s9999 xx 000 0 und d a9780545036962 bM169 2003 aMcNeese, Tim 4aThe challenger disaster / cTim McNeese. aNew York : bScholastic, c2003 a48 pages : bcolored illustration ; c24cm. aCornerstones of freedom. a1170